000 00373cam a2200169ua 4500
041 _aeng
_h
082 _a620.1
_bHAN/AP
100 _aHannah, John .
245 _aApplied mechanics
250 _a1 /
_b.
260 _a :
_bSir isaacpitman & sons Ltd ,
_c1962.
300 _a398 ; .
504 _a
700 1 _aHillier, M . J .
942 _cBK
999 _c189
_d189